000 00456nam a2200181Ia 4500
001 21374
005 20260306172914.0
008 260306t2014||||xx |||||||||||||| ||spa||
041 _aESP
082 _a344.6
_bM84
100 _aMontoya Castillo, Carlos Franco
_eAUT
245 0 _aLas causales eximentes de responsabilidad penal
260 _c2014
300 _a494 páginas :
_c25 cm.
650 _aGEN
654 _aCDE
942 _cLIB
_dJUS
_fJUS
_2ddc
_n
999 _c21374
_d21374